[Event "Isola di Capo Rizzuto op"]
[Site "Isola di Capo Rizzuto"]
[Date "2014.07.07"]
[Round "1"]
[White "Furnari, Francesco"]
[Black "Levato, Biagio"]
[Result "1-0"]
[WhiteElo "1791"]
[BlackElo "1593"]
[PlyCount "79"]
[EventDate "2014.07.07"]
[EventType "swiss"]
[EventRounds "7"]
[EventCountry "ITA"]
[SourceTitle "EXT 2024"]
[Source "ChessBase"]
[SourceDate "2023.10.10"]
[SourceVersion "1"]
[SourceVersionDate "2023.10.10"]
[SourceQuality "1"]

1. e4 c5 2. Nf3 Nc6 3. d4 cxd4 4. Nxd4 e6 5. Be2 a6 6. 0-0 Qc7 7. Be3 Nf6 8. Nxc6 dxc6 9. Nc3 Bd6 10. f4 e5 11. f5 b5 12. Bf3 Bb7 13. a3 Rd8 14. Qe2 b4 15. axb4 Bxb4 16. Na4 Qb8 17. Nc5 Bxc5 18. Bxc5 Nd7 19. Bb4 c5 20. Ba5 Rc8 21. Rfd1 Nf6 22. c4 0-0 23. g4 Qa8 24. Re1 h6 25. h4 Rfe8 26. Rad1 Re7 27. g5 hxg5 28. hxg5 Nh7 29. Qe3 Nf8 30. Rd2 Rd7 31. Rh2 Rc6 32. Qf2 f6 33. g6 Rcd6 34. Qh4 Nxg6 35. Qh7+ Kf8 36. Qxg6 Kg8 37. Qh7+ Kf8 38. Qh8+ Kf7 39. Bh5+ Ke7 40. Qxg7# 1-0

[Event "Calabria Province-ch"]
[Site "Crotone"]
[Date "2012.12.29"]
[Round "2"]
[White "Levato, Biagio"]
[Black "Frontera, Domenico"]
[Result "1-0"]
[WhiteElo "1562"]
[BlackElo "1710"]
[PlyCount "79"]
[EventDate "2012.12.28"]
[EventType "swiss"]
[EventRounds "5"]
[EventCountry "ITA"]
[SourceTitle "EXT 2024"]
[Source "ChessBase"]
[SourceDate "2023.10.10"]
[SourceVersion "1"]
[SourceVersionDate "2023.10.10"]
[SourceQuality "1"]

1. e4 d6 2. Nf3 g6 3. g3 Bg7 4. Bg2 Nf6 5. d3 0-0 6. 0-0 c6 7. Re1 e5 8. c3 Na6 9. Nbd2 b5 10. a3 Nc5 11. d4 Nd3 12. Re2 c5 13. b3 Qa5 14. b4 cxb4 15. cxb4 Nxb4 16. Nb3 Qb6 17. axb4 Be6 18. d5 Bd7 19. Na5 Nh5 20. Be3 Qd8 21. Rc2 f5 22. Nb7 Qb8 23. Na5 f4 24. gxf4 exf4 25. Bd4 Nf6 26. Ne1 Qe8 27. Rac1 g5 28. Rc7 g4 29. f3 Nxe4 30. fxe4 f3 31. Bxg7 f2+ 32. Kf1 fxe1Q+ 33. Kxe1 Kxg7 34. Qxg4+ Kh8 35. Rxd7 Rg8 36. Rxh7+ Kxh7 37. Rc7+ Kh6 38. Qh4+ Kg6 39. Qh7+ Kf6 40. Qf5# 1-0

[Event "Calabria Province-ch"]
[Site "Crotone"]
[Date "2012.12.28"]
[Round "1"]
[White "Olivo, Paolo"]
[Black "Levato, Biagio"]
[Result "1-0"]
[WhiteElo "1772"]
[BlackElo "1562"]
[PlyCount "107"]
[EventDate "2012.12.28"]
[EventType "swiss"]
[EventRounds "5"]
[EventCountry "ITA"]
[SourceTitle "EXT 2024"]
[Source "ChessBase"]
[SourceDate "2023.10.10"]
[SourceVersion "1"]
[SourceVersionDate "2023.10.10"]
[SourceQuality "1"]

1. d4 Nf6 2. c4 g6 3. Nc3 Bg7 4. e4 d6 5. Nf3 0-0 6. Be2 e5 7. 0-0 exd4 8. Nxd4 c6 9. Bf4 Na6 10. Re1 Nc5 11. Bf3 h6 12. h3 Re8 13. Nc2 Bf8 14. Qd2 Kh7 15. Rad1 b6 16. Bxd6 Bxd6 17. Qxd6 Bb7 18. b4 Ncd7 19. Qf4 Qe7 20. a3 Ne5 21. Be2 Qe6 22. Nd4 Qe7 23. Nf3 Nh5 24. Qxe5 Qxe5 25. Nxe5 Rxe5 26. Bxh5 Rxh5 27. Rd7 Bc8 28. Rxf7+ Kg8 29. Rf6 Rg5 30. Kh2 Bb7 31. f4 Rh5 32. g4 Kg7 33. e5 Rh4 34. Kg3 g5 35. f5 Re8 36. Rd6 Bc8 37. Rxc6 h5 38. Rg6+ Kf7 39. Rxg5 hxg4 40. Kxh4 Rh8+ 41. Kxg4 Re8 42. e6+ Ke7 43. Nd5+ Kf8 44. Nf4 Ke7 45. Rg6 Kf8 46. f6 Bxe6+ 47. Rxe6 Kf7 48. Rxe8 Kxe8 49. Rg7 a5 50. h4 axb4 51. axb4 b5 52. cxb5 Kf8 53. Ne6+ Ke8 54. Re7# 1-0

[Event "Calabria Province-ch"]
[Site "Cutro"]
[Date "2012.02.26"]
[Round "4"]
[White "Virelli, Salvatore"]
[Black "Levato, Biagio"]
[Result "1-0"]
[WhiteElo "1455"]
[BlackElo "1549"]
[PlyCount "80"]
[EventDate "2012.02.24"]
[EventType "swiss"]
[EventRounds "5"]
[EventCountry "ITA"]
[SourceTitle "EXT 2024"]
[Source "ChessBase"]
[SourceDate "2023.10.10"]
[SourceVersion "1"]
[SourceVersionDate "2023.10.10"]
[SourceQuality "1"]

1. e4 c5 2. Nf3 Nc6 3. d4 e6 4. c3 Qc7 5. Be2 Nf6 6. e5 Nd5 7. 0-0 cxd4 8. cxd4 Nde7 9. Nc3 a6 10. a3 Nf5 11. b4 b5 12. Bb2 Bb7 13. Rc1 Rd8 14. Re1 d6 15. Ne4 Qb8 16. Nxd6+ Bxd6 17. exd6 Nxd6 18. Qc2 Nf5 19. Red1 0-0 20. Qc3 Nce7 21. Qc7 Qa8 22. Qf4 Nd5 23. Qe5 Rfe8 24. Bd3 f6 25. Qe2 Nf4 26. Qd2 Nxd3 27. Qxd3 Be4 28. Qe2 Bd5 29. Rc5 Bxf3 30. gxf3 Nh4 31. Rd3 Ng6 32. Qe4 Qb8 33. Rc6 Nf4 34. Re3 Nh3+ 35. Kg2 Ng5 36. Qg4 Rd6 37. d5 Rxc6 38. dxc6 Qd6 39. h4 h5 40. Qxh5 Nh7 1-0

[Event "Amantea op-B 9th"]
[Site "Amantea"]
[Date "2011.09.10"]
[Round "7"]
[White "Gemelli, Antonio"]
[Black "Levato, Biagio"]
[Result "1-0"]
[WhiteElo "1458"]
[BlackElo "1545"]
[PlyCount "89"]
[EventDate "2011.09.04"]
[EventType "swiss"]
[EventRounds "8"]
[EventCountry "ITA"]
[SourceTitle "EXT 2014"]
[Source "ChessBase"]
[SourceDate "2013.11.20"]
[SourceVersion "1"]
[SourceVersionDate "2013.11.20"]
[SourceQuality "1"]

1. Nf3 Nf6 2. g3 d5 3. Bg2 Nc6 4. d3 e5 5. 0-0 Be6 6. Ng5 Bf5 7. c4 h6 8. Nf3 e4 9. Nh4 Bh7 10. cxd5 Nxd5 11. dxe4 Nf6 12. Nc3 Nd7 13. Be3 Be7 14. f4 0-0 15. Nf3 Bb4 16. e5 Qe7 17. Nd5 Qd8 18. Rc1 Ba5 19. Qb3 Re8 20. Rcd1 Ne7 21. Qxb7 Nxd5 22. Qxd5 Bb6 23. Bf2 Bxf2+ 24. Kxf2 Bf5 25. Nh4 Be6 26. Qb5 Rb8 27. Qa4 Qc8 28. Bc6 Rd8 29. Rd2 Nb6 30. Rxd8+ Qxd8 31. Qxa7 Qd4+ 32. Kg2 Rd8 33. Qa3 Nc4 34. Nf3 Nxa3 35. Nxd4 Rxd4 36. bxa3 Rc4 37. Bf3 c6 38. Rb1 Kh7 39. Kf2 Ra4 40. Bxc6 Rxa3 41. Ra1 Rxa2 42. Rxa2 Bxa2 43. e4 g6 44. Bd5 Bxd5 45. exd5 1-0

[Event "Amantea op-B 9th"]
[Site "Amantea"]
[Date "2011.09.07"]
[Round "4"]
[White "Levato, Biagio"]
[Black "Anselmi, Beatrice"]
[Result "0-1"]
[WhiteElo "1545"]
[BlackElo "1734"]
[PlyCount "52"]
[EventDate "2011.09.04"]
[EventType "swiss"]
[EventRounds "8"]
[EventCountry "ITA"]
[SourceTitle "EXT 2014"]
[Source "ChessBase"]
[SourceDate "2013.11.20"]
[SourceVersion "1"]
[SourceVersionDate "2013.11.20"]
[SourceQuality "1"]

1. d4 d5 2. e4 dxe4 3. Nc3 Nf6 4. f3 exf3 5. Nxf3 Bg4 6. h3 Bh5 7. g4 Bg6 8. Ne5 e6 9. Qf3 c6 10. g5 Nd5 11. Bd3 Qe7 12. Nxg6 hxg6 13. 0-0 Qc7 14. Ne4 c5 15. c4 Nb4 16. Bf4 Qd7 17. Bb1 cxd4 18. a3 N4c6 19. Bd6 Bxd6 20. Nxd6+ Qxd6 21. Qxf7+ Kd8 22. Qf3 Qe5 23. Qg2 Rh5 24. Kh1 Qxg5 25. Bxg6 Qxg2+ 26. Kxg2 Rg5+ 0-1

[Event "Amantea op-B 9th"]
[Site "Amantea"]
[Date "2011.09.05"]
[Round "2"]
[White "Andreani, Carlo"]
[Black "Levato, Biagio"]
[Result "0-1"]
[WhiteElo "1386"]
[BlackElo "1545"]
[PlyCount "74"]
[EventDate "2011.09.04"]
[EventType "swiss"]
[EventRounds "8"]
[EventCountry "ITA"]
[SourceTitle "EXT 2014"]
[Source "ChessBase"]
[SourceDate "2013.11.20"]
[SourceVersion "1"]
[SourceVersionDate "2013.11.20"]
[SourceQuality "1"]

1. e4 c5 2. Nf3 Nc6 3. c3 e6 4. Bd3 a6 5. 0-0 Qc7 6. Bc2 Bd6 7. d4 cxd4 8. cxd4 b5 9. a3 Bb7 10. Re1 Rc8 11. d5 Ne5 12. Nbd2 Qxc2 13. Qe2 Nf6 14. Nd4 Qc7 15. N2f3 0-0 16. Nxe5 Bxe5 17. Nf3 Rfe8 18. Bg5 exd5 19. Nxe5 Qxe5 20. Bxf6 Qxf6 21. Qg4 Qe6 22. Qxe6 dxe6 23. e5 Rc4 24. b3 Rc3 25. Reb1 Rec8 26. a4 b4 27. g3 d4 28. Rd1 d3 29. Rab1 Bd5 30. f4 Bxb3 31. Rd2 a5 32. Ra1 Bd5 33. Kf2 Rc2 34. Rad1 Rxd2+ 35. Rxd2 Rc2 36. Ke3 Rxd2 37. Kxd2 Bc4 0-1

[Event "Crotone Marzo op"]
[Site "Crotone"]
[Date "2011.06.19"]
[Round "4"]
[White "Levato, Biagio"]
[Black "Morelli, Gaetano"]
[Result "0-1"]
[WhiteElo "1544"]
[BlackElo "1840"]
[PlyCount "40"]
[EventDate "2011.06.17"]
[EventType "swiss"]
[EventRounds "5"]
[EventCountry "ITA"]
[SourceTitle "EXT 2024"]
[Source "ChessBase"]
[SourceDate "2023.10.10"]
[SourceVersion "1"]
[SourceVersionDate "2023.10.10"]
[SourceQuality "1"]

1. d4 d5 2. e4 dxe4 3. Nc3 e6 4. Nxe4 Nf6 5. Nxf6+ Qxf6 6. Nf3 h6 7. Bc4 Bd6 8. Bd2 Nd7 9. Bc3 Nb6 10. Bb3 Nd5 11. Bd2 0-0 12. c4 Nf4 13. 0-0 b6 14. Bc3 Qg6 15. g3 Bb7 16. d5 exd5 17. cxd5 Ba6 18. Kh1 Be2 19. Nh4 Bxd1 20. Nxg6 Bf3+ 0-1

[Event "Praia op 3rd"]
[Site "Praia a Mare"]
[Date "2011.04.22"]
[Round "5"]
[White "Attina, Rodolfo"]
[Black "Levato, Biagio"]
[Result "1/2-1/2"]
[WhiteElo "1425"]
[BlackElo "1544"]
[PlyCount "106"]
[EventDate "2011.04.20"]
[EventType "swiss"]
[EventRounds "5"]
[EventCountry "ITA"]
[SourceTitle "EXT 2023"]
[Source "ChessBase"]
[SourceDate "2022.10.05"]
[SourceVersion "1"]
[SourceVersionDate "2022.10.05"]
[SourceQuality "1"]

1. b4 Nf6 2. d4 g6 3. e3 d5 4. Be2 Bg7 5. Bb2 0-0 6. a3 Re8 7. Nc3 Nbd7 8. Nh3 c6 9. Nf4 e5 10. Nh3 exd4 11. exd4 b5 12. 0-0 Nb6 13. Nf4 Ne4 14. Bf3 Nxc3 15. Bxc3 Na4 16. Be1 Nb2 17. Qd2 Qf6 18. g3 Nc4 19. Qc3 g5 20. Nh5 Qxd4 21. Nxg7 Qxg7 22. Qxg7+ Kxg7 23. Bc3+ Kg6 24. Rfe1 Bf5 25. Rxe8 Rxe8 26. Bd4 a6 27. c3 g4 28. Bg2 Nd2 29. Be3 Nc4 30. Bd4 Nd6 31. f3 gxf3 32. Bxf3 Nc4 33. Kf2 Nd2 34. Bd1 Nc4 35. a4 Nb2 36. axb5 axb5 37. Be2 Nd3+ 38. Bxd3 Bxd3 39. Be3 Re6 40. Rd1 Bc4 41. Rd4 Re4 42. Rd1 Kf5 43. h3 h5 44. Re1 Ke6 45. Bd4 Rxe1 46. Kxe1 f5 47. Kf2 Bd3 48. Kf3 Be4+ 49. Kf4 Bg2 50. h4 Bh3 51. Kg5 Bg4 52. Kf4 Bh3 53. Kg5 Bg4 1/2-1/2

[Event "Praia op 3rd"]
[Site "Praia a Mare"]
[Date "2011.04.20"]
[Round "1"]
[White "Gromovs, Sergejs"]
[Black "Levato, Biagio"]
[Result "1-0"]
[WhiteElo "2308"]
[BlackElo "1544"]
[PlyCount "51"]
[EventDate "2011.04.20"]
[EventType "swiss"]
[EventRounds "5"]
[EventCountry "ITA"]
[SourceTitle "EXT 2023"]
[Source "ChessBase"]
[SourceDate "2022.10.05"]
[SourceVersion "1"]
[SourceVersionDate "2022.10.05"]
[SourceQuality "1"]

1. d4 Nf6 2. c4 e6 3. Nf3 c6 4. Nc3 Bb4 5. Qb3 Bxc3+ 6. bxc3 0-0 7. Ba3 Re8 8. Bd6 Ne4 9. c5 Nxd6 10. cxd6 b6 11. e4 Bb7 12. Bd3 c5 13. dxc5 Nc6 14. e5 Rb8 15. cxb6 Na5 16. Qc2 g6 17. bxa7 Rc8 18. h4 Bxf3 19. gxf3 Nc6 20. f4 Nxa7 21. h5 Nc6 22. hxg6 fxg6 23. Bxg6 Nd4 24. Bxh7+ Kf8 25. Qg6 Nf3+ 26. Kd1 1-0

[Event "Crotone Province-ch 11"]
[Site "Crotone"]
[Date "2010.11.27"]
[Round "4"]
[White "Campagna, Angelo"]
[Black "Levato, Biagio"]
[Result "0-1"]
[WhiteElo "1679"]
[BlackElo "1544"]
[PlyCount "110"]
[EventDate "2010.11.20"]
[EventType "swiss"]
[EventRounds "6"]
[EventCountry "ITA"]
[SourceTitle "EXT 2024"]
[Source "ChessBase"]
[SourceDate "2023.10.10"]
[SourceVersion "1"]
[SourceVersionDate "2023.10.10"]
[SourceQuality "1"]

1. e4 c5 2. Nf3 Nc6 3. a3 e6 4. Bc4 a6 5. d3 Qc7 6. 0-0 Nf6 7. h3 b5 8. Ba2 Bb7 9. Nh2 Bd6 10. Ng4 Nxg4 11. Qxg4 0-0-0 12. f4 h5 13. Qd1 Be7 14. Be3 Na5 15. Nd2 d5 16. Qf3 f5 17. exd5 exd5 18. d4 Nc4 19. Nxc4 dxc4 20. Qf2 h4 21. Rad1 Rh6 22. c3 Rg6 23. d5 Rxd5 24. Bb1 Kb8 25. Bd4 cxd4 26. cxd4 Rxd4 27. Rxd4 Rxg2+ 28. Qxg2 Bxg2 29. Kxg2 Qc6+ 30. Rf3 Bc5 31. Rd1 Qg6+ 32. Kh1 Qf6 33. b3 Qc6 34. Kg2 Qg6+ 35. Kh1 Qc6 36. Kg2 c3 37. Bxf5 Bxa3 38. Bc2 Bd6 39. Kf2 b4 40. f5 Bg3+ 41. Ke2 Qb5+ 42. Bd3 Qe8+ 43. Kf1 Qh5 44. Kg2 a5 45. Rdf1 Qg5 46. Kh1 Qd2 47. R1f2 Bxf2 48. Rxf2 Qxf2 49. f6 gxf6 50. Be4 Qe1+ 51. Kg2 Qxe4+ 52. Kf2 c2 53. Kf1 Qf3+ 54. Kg1 c1Q+ 55. Kh2 Qd2+ 0-1

[Event "Crotone Province-ch 11"]
[Site "Crotone"]
[Date "2010.11.21"]
[Round "2"]
[White "Serratore, Vincenzo"]
[Black "Levato, Biagio"]
[Result "0-1"]
[WhiteElo "1880"]
[BlackElo "1544"]
[PlyCount "100"]
[EventDate "2010.11.20"]
[EventType "swiss"]
[EventRounds "6"]
[EventCountry "ITA"]
[SourceTitle "EXT 2024"]
[Source "ChessBase"]
[SourceDate "2023.10.10"]
[SourceVersion "1"]
[SourceVersionDate "2023.10.10"]
[SourceQuality "1"]

1. d4 Nf6 2. Bf4 g6 3. e3 Bg7 4. Bd3 Nh5 5. Bg5 Nf6 6. Nd2 Nc6 7. c3 d6 8. Qe2 0-0 9. Ngf3 Re8 10. 0-0 e5 11. d5 Ne7 12. e4 c6 13. c4 cxd5 14. exd5 h6 15. Bh4 Nf5 16. Bg3 Nxg3 17. hxg3 e4 18. Nxe4 Nxe4 19. Rae1 f5 20. b3 Bd7 21. Qc2 Qb6 22. Re2 Nxg3 23. Rxe8+ Rxe8 24. Rc1 Ne4 25. Re1 Qd8 26. g3 Qf6 27. Kg2 Qb2 28. Re2 Qxc2 29. Rxc2 Nc5 30. Bf1 a6 31. b4 Ne4 32. Bd3 Ba4 33. Rc1 Bb2 34. Rb1 Ba3 35. Nd4 Nc3 36. Ra1 h5 37. b5 Bc5 38. Ne6 axb5 39. Nc7 Re7 40. Nxb5 Nxb5 41. cxb5 b6 42. Rc1 Re5 43. Kf3 Kg7 44. Bc4 Re4 45. Kg2 Rd4 46. f4 Rd2+ 47. Kh3 Bd1 48. Bb3 Bg4+ 49. Kh4 Kh6 50. Rh1 Bd4 0-1

[Event "Crotone Province-ch"]
[Site "Crotone"]
[Date "2010.03.07"]
[Round "6"]
[White "Mano, Dionigi"]
[Black "Levato, Biagio"]
[Result "1/2-1/2"]
[WhiteElo "1640"]
[BlackElo "1539"]
[PlyCount "110"]
[EventDate "2010.02.27"]
[EventType "swiss"]
[EventRounds "6"]
[EventCountry "ITA"]
[SourceTitle "EXT 2024"]
[Source "ChessBase"]
[SourceDate "2023.10.10"]
[SourceVersion "1"]
[SourceVersionDate "2023.10.10"]
[SourceQuality "1"]

1. d4 Nf6 2. c4 g6 3. Nc3 Bg7 4. e4 d6 5. Bd3 0-0 6. Nge2 e5 7. d5 Nh5 8. Be3 f5 9. Qc2 f4 10. Bd2 Nd7 11. 0-0-0 Nc5 12. f3 Nxd3+ 13. Qxd3 Nf6 14. g4 Nd7 15. h4 Nc5 16. Qc2 a5 17. a4 Bd7 18. g5 Ra6 19. h5 Qxg5 20. Rdg1 Qf6 21. hxg6 hxg6 22. Nb5 Rc8 23. Kb1 c6 24. Nbc3 b5 25. dxc6 Be6 26. cxb5 Bb3 27. Qc1 Raa8 28. Nd5 Qe6 29. Nb6 Ba2+ 30. Ka1 Nb3+ 31. Kxa2 Nxd2+ 32. Nc4 Nxc4 33. b3 Nb6 34. Ka3 d5 35. Nc3 d4 36. Nd5 Qd6+ 37. Ka2 Nd7 38. Qd2 Nc5 39. Qh2 Rab8 40. Qh7+ Kf7 41. Qh3 Rh8 42. Qg4 Nd3 43. Rxh8 Rxh8 44. Rg2 Bf8 45. Qd7+ Kg8 46. Qxd6 Bxd6 47. Rxg6+ Kf7 48. Rxd6 Rh2+ 49. Kb1 Rb2+ 50. Ka1 Rf2 51. Rf6+ Kg7 52. c7 Rf1+ 53. Ka2 Rc1 54. b6 Rc2+ 55. Kb1 Rc1+ 1/2-1/2

[Event "Crotone Province-ch"]
[Site "Crotone"]
[Date "2010.03.04"]
[Round "4"]
[White "Chiofalo, Gianfranco"]
[Black "Levato, Biagio"]
[Result "0-1"]
[WhiteElo "1582"]
[BlackElo "1539"]
[PlyCount "68"]
[EventDate "2010.02.27"]
[EventType "swiss"]
[EventRounds "6"]
[EventCountry "ITA"]
[SourceTitle "EXT 2024"]
[Source "ChessBase"]
[SourceDate "2023.10.10"]
[SourceVersion "1"]
[SourceVersionDate "2023.10.10"]
[SourceQuality "1"]

1. e4 c5 2. Nf3 Nc6 3. d4 cxd4 4. Nxd4 Nxd4 5. Qxd4 e6 6. Bc4 a6 7. Nc3 Qc7 8. b3 Ne7 9. Qd1 b5 10. Nxb5 axb5 11. Bxb5 Qa5+ 12. c3 Qxb5 13. c4 Qe5 14. Be3 Nc6 15. 0-0 Qxe4 16. Qe2 Bb4 17. Rad1 0-0 18. f3 Qg6 19. f4 d5 20. cxd5 Ba6 21. Qf3 Bxf1 22. dxc6 Rxa2 23. Kxf1 Rc2 24. Bb6 e5 25. fxe5 Qxc6 26. Qxc6 Rxc6 27. Bf2 Rfc8 28. Be3 Rc3 29. Ke2 Rxb3 30. Kf3 h6 31. Kf4 Rb2 32. Kg3 Rc3 33. Kf3 Rbb3 34. Re1 Bc5 0-1

[Event "Crotone Province-ch"]
[Site "Crotone"]
[Date "2010.02.28"]
[Round "3"]
[White "Levato, Biagio"]
[Black "Morelli, Gaetano"]
[Result "0-1"]
[WhiteElo "1539"]
[BlackElo "1879"]
[PlyCount "56"]
[EventDate "2010.02.27"]
[EventType "swiss"]
[EventRounds "6"]
[EventCountry "ITA"]
[SourceTitle "EXT 2024"]
[Source "ChessBase"]
[SourceDate "2023.10.10"]
[SourceVersion "1"]
[SourceVersionDate "2023.10.10"]
[SourceQuality "1"]

1. d4 d5 2. e4 dxe4 3. Nc3 Bf5 4. f3 exf3 5. Nxf3 e6 6. Ne5 Bb4 7. Qf3 c6 8. Be3 Ne7 9. Bd3 0-0 10. 0-0 Nd7 11. Ne4 Nd5 12. c3 Ba5 13. Bd2 Bb6 14. Kh1 Nxe5 15. dxe5 Ne7 16. g4 Bxg4 17. Nf6+ gxf6 18. Qxg4+ Ng6 19. exf6 Qxd3 20. Rad1 Qd5+ 21. Rf3 Rfd8 22. Qg2 Rd7 23. Qh3 Be3 24. Qg2 Bxd2 25. h4 Rad8 26. h5 Qxh5+ 27. Qh3 Qxh3+ 28. Rxh3 Bg5 0-1

[Event "Cutro op-B 15th"]
[Site "Cutro"]
[Date "2009.04.20"]
[Round "1"]
[White "Ielapi, Vito"]
[Black "Levato, Biagio"]
[Result "1-0"]
[WhiteElo "1911"]
[BlackElo "1546"]
[PlyCount "65"]
[EventDate "2009.04.20"]
[EventType "swiss"]
[EventRounds "7"]
[EventCountry "ITA"]
[SourceTitle "EXT 2011"]
[Source "ChessBase"]
[SourceDate "2010.11.26"]
[SourceVersion "1"]
[SourceVersionDate "2010.11.26"]
[SourceQuality "1"]

1. e4 c5 2. Nf3 Nc6 3. c3 e6 4. Bb5 Qc7 5. 0-0 a6 6. Bxc6 Qxc6 7. Re1 Ne7 8. d4 cxd4 9. cxd4 d5 10. Ne5 Qc7 11. Qh5 Ng6 12. Nxg6 fxg6 13. Qf3 dxe4 14. Qxe4 Bd6 15. h3 0-0 16. Nd2 b5 17. Nf3 Rb8 18. Bg5 Qf7 19. Bh4 Qf5 20. Qe2 Bb4 21. Red1 Bb7 22. Ne5 Rbc8 23. Rac1 Rxc1 24. Rxc1 Qf4 25. Rc7 Bd5 26. Bg3 Qxd4 27. Nc6 Bxc6 28. Rxc6 Bc5 29. Rxa6 h5 30. h4 e5 31. Rxg6 Kh7 32. Qxh5+ Kg8 33. Rxg7+ 1-0

[Event "Locri Province-ch"]
[Site "Locri"]
[Date "2009.02.22"]
[Round "4"]
[White "Levato, Biagio"]
[Black "Mercuri, Delia"]
[Result "1/2-1/2"]
[WhiteElo "1546"]
[BlackElo "1442"]
[PlyCount "101"]
[EventDate "2009.02.20"]
[EventType "swiss"]
[EventRounds "5"]
[EventCountry "ITA"]
[SourceTitle "EXT 2011"]
[Source "ChessBase"]
[SourceDate "2010.11.26"]
[SourceVersion "1"]
[SourceVersionDate "2010.11.26"]
[SourceQuality "1"]

1. e4 e5 2. Nf3 Nf6 3. Bc4 Nc6 4. Nc3 Be7 5. 0-0 0-0 6. Re1 d6 7. d4 Bg4 8. dxe5 Nxe5 9. Be2 Bxf3 10. Bxf3 Qd7 11. Be2 Rad8 12. f4 Nc6 13. Be3 a6 14. Bf3 Qc8 15. Qe2 Rfe8 16. Rad1 Bf8 17. Qf2 Ng4 18. Qh4 Nxe3 19. Rxe3 f5 20. Ree1 Nb4 21. Qf2 Nc6 22. Qf1 d5 23. exd5 Bc5+ 24. Kh1 Nd4 25. Rxe8+ Rxe8 26. Qc4 Ba7 27. h3 Kh8 28. Qd3 Qd8 29. Kh2 Nxf3+ 30. Qxf3 Re3 31. Qh5 g6 32. Qg5 Qd6 33. h4 h5 34. Rf1 Kg7 35. Nd1 Re2 36. c4 Re4 37. b3 Bd4 38. Rf3 Re1 39. Nf2 Re2 40. Nd3 Bf6 41. Qg3 Qe7 42. Kh3 Bd4 43. Ne5 Bxe5 44. fxe5 Rxe5 45. Qf4 Re2 46. Qd4+ Kh7 47. c5 Re4 48. Qf2 Re2 49. Qd4 Re4 50. Qf2 Re2 51. Qd4 1/2-1/2

[Event "Locri Province-ch"]
[Site "Locri"]
[Date "2009.02.21"]
[Round "2"]
[White "Levato, Biagio"]
[Black "Cordi, Domenico"]
[Result "0-1"]
[WhiteElo "1546"]
[BlackElo "2052"]
[PlyCount "58"]
[EventDate "2009.02.20"]
[EventType "swiss"]
[EventRounds "5"]
[EventCountry "ITA"]
[SourceTitle "EXT 2011"]
[Source "ChessBase"]
[SourceDate "2010.11.26"]
[SourceVersion "1"]
[SourceVersionDate "2010.11.26"]
[SourceQuality "1"]

1. e4 c5 2. Nf3 e6 3. d3 Nc6 4. g3 d6 5. Bg2 Nf6 6. 0-0 Be7 7. Re1 Qc7 8. Nbd2 0-0 9. a4 b6 10. Nc4 Bb7 11. e5 dxe5 12. Ncxe5 Nxe5 13. Bf4 Nxf3+ 14. Bxf3 Qd7 15. Qe2 Bxf3 16. Qxf3 Qd5 17. Qxd5 Nxd5 18. Bd2 Bf6 19. c3 Rfd8 20. Rad1 Rd7 21. Be3 Rad8 22. d4 Nxe3 23. fxe3 e5 24. Kf2 Kf8 25. Kf3 exd4 26. e4 dxc3 27. Rxd7 Rxd7 28. e5 Bxe5 29. Rxe5 c2 0-1

[Event "Amantea op-B 6th"]
[Site "Amantea"]
[Date "2008.09.02"]
[Round "3"]
[White "Levato, Biagio"]
[Black "Carbone, Stefano"]
[Result "0-1"]
[WhiteElo "1501"]
[BlackElo "1620"]
[PlyCount "64"]
[EventDate "2008.08.31"]
[EventType "swiss"]
[EventRounds "9"]
[EventCountry "ITA"]
[SourceTitle "CBM 126 Extra"]
[Source "ChessBase"]
[SourceDate "2008.11.05"]
[SourceVersion "1"]
[SourceVersionDate "2008.11.05"]
[SourceQuality "1"]

1. e4 g6 2. Nf3 Bg7 3. g3 d6 4. Bg2 Nf6 5. d3 0-0 6. 0-0 Nc6 7. Nbd2 e5 8. c3 d5 9. exd5 Nxd5 10. Re1 Nb6 11. Nf1 Bf5 12. Nh4 Bxd3 13. Be3 Bxf1 14. Rxf1 Qxd1 15. Raxd1 Rfd8 16. Nf3 Nc4 17. Bc1 Rxd1 18. Rxd1 Rd8 19. Rxd8+ Nxd8 20. b3 Nd6 21. Bb2 e4 22. Ne1 f5 23. Nc2 Nb5 24. Nd4 Nxd4 25. cxd4 c5 26. Bf1 cxd4 27. Bc4+ Kh8 28. Kf1 d3 29. Bxg7+ Kxg7 30. Ke1 Nf7 31. f4 Nd6 32. a4 Nxc4 0-1

[Event "Calabria Province-ch"]
[Site "San Fili"]
[Date "2007.06.09"]
[Round "2"]
[White "Marincolo, Piercarlo"]
[Black "Levato, Biagio"]
[Result "1-0"]
[WhiteElo "1727"]
[BlackElo "1495"]
[PlyCount "69"]
[EventDate "2007.06.08"]
[EventType "swiss"]
[EventRounds "5"]
[EventCountry "ITA"]
[SourceTitle "EXT 2010"]
[Source "ChessBase"]
[SourceDate "2010.11.25"]
[SourceVersion "1"]
[SourceVersionDate "2010.11.25"]
[SourceQuality "1"]

1. d4 Nf6 2. c4 e6 3. Nf3 b6 4. g3 Bb7 5. Bg2 d6 6. 0-0 Nbd7 7. Nc3 Be7 8. Qc2 d5 9. b3 Rc8 10. Ne5 c5 11. e3 Qc7 12. Nb5 Qb8 13. f4 Ne4 14. Nxd7 Kxd7 15. cxd5 exd5 16. Bh3+ Kd8 17. Bxc8 Bxc8 18. Rd1 Bf5 19. Qg2 a6 20. Na3 Nf6 21. dxc5 Be4 22. Qh3 Bxc5 23. Nc4 Re8 24. Bb2 Re6 25. Bd4 Ke7 26. Bxc5+ bxc5 27. f5 Rc6 28. Na5 Rd6 29. b4 Qb6 30. Nb3 Qxb4 31. Qh4 Qc3 32. Qf4 a5 33. Rac1 Qb2 34. Rd2 Qa3 35. Qe5+ 1-0

[Event "Praia op 1st"]
[Site "Praia a Mare"]
[Date "2007.04.06"]
[Round "3"]
[White "Orenga, Antonio"]
[Black "Levato, Biagio"]
[Result "1/2-1/2"]
[WhiteElo "1440"]
[BlackElo "1495"]
[PlyCount "90"]
[EventDate "2007.04.05"]
[EventType "swiss"]
[EventRounds "5"]
[EventCountry "ITA"]
[SourceTitle "EXT 2023"]
[Source "ChessBase"]
[SourceDate "2022.10.05"]
[SourceVersion "1"]
[SourceVersionDate "2022.10.05"]
[SourceQuality "1"]

1. e4 c5 2. Nf3 Nc6 3. c3 e6 4. d4 d5 5. exd5 exd5 6. Be3 c4 7. g3 Nf6 8. Bg2 Be7 9. 0-0 0-0 10. Re1 Re8 11. Nbd2 b5 12. a3 Ng4 13. Bg5 Bf5 14. Bxe7 Rxe7 15. Rxe7 Qxe7 16. Qe1 Re8 17. Qxe7 Rxe7 18. Re1 Kf8 19. h3 Nf6 20. g4 Bd3 21. Rxe7 Kxe7 22. Ne1 Ne4 23. Nxd3 Nxd2 24. Nc5 Kd6 25. f4 Ne7 26. Kf2 f5 27. Ke3 Ne4 28. Nxe4+ fxe4 29. h4 g6 30. Bf1 Ke6 31. Bh3 a6 32. h5 Kf7 33. hxg6+ hxg6 34. f5 g5 35. Bf1 Nc8 36. Be2 a5 37. Bd1 Nb6 38. Ke2 a4 39. Bc2 Nc8 40. Bd1 Ne7 41. Ke3 Ng8 42. Kf2 Kf6 43. Kg3 Ne7 44. Kf2 Nc6 45. Ke3 Na5 1/2-1/2